Geography Quiz

Random Geography or City Quiz

4 to 13 Letter 'D' Places Quiz Stats

 Plays Quiz Updated Jun 1, 2018

Challenge
Share
Tweet
Embed
Score 0/10 Timer 02:00
12 Plays Today
Clue 'D'-Place % Correct
Largest US city to declare bankruptcyDetroit
90.7%
Capital city of QatarDoha
73.1%
Persian Gulf city, home of Burj Khalifa and The World IslandsDubai
71.5%
Capital of Northern Territory, AustraliaDarwin
58%
Capital of North Rhine-Westphalia, GermanyDüsseldorf
56%
African country and its capital cityDjibouti
51%
Narrow strait separating Asian from European TurkeyDardanelles
37.1%
German city, a center of science, after which the chemical element #110 was namedDarmstadt
18.7%
Annual 500-mile NASCAR race host (two words)Daytona Beach
17.2%
Island in Madeira Archipelago meaning 'Large Desert' or 'Large Deserted' (two words)Deserta Grande
3.3%

You're not logged in!

Compare scores with friends on all Sporcle quizzes.
Join for Free
OR
Log In

You Might Also Like...

Show Comments

Extras

ReportIcon Source: dhaka
Tags:City Quiz, Country Quiz, Letter D, place

Top Quizzes Today


Score Distribution

Your Account Isn't Verified!

In order to create a playlist on Sporcle, you need to verify the email address you used during registration. Go to your Sporcle Settings to finish the process.

Report this User

Report this user for behavior that violates our Community Guidelines.

Details: